Normal view
MARC view
Entry Topical Term
001 - CONTROL NUMBER
- control field: 42534
003 - CONTROL NUMBER IDENTIFIER
- control field: ARRUPE
005 - DATE AND TIME OF LATEST TRANSACTION
- control field: 20180925091201.0
008 - FIXED-LENGTH DATA ELEMENTS
- fixed length control field: 180925|| aca||aabn | a|a d
040 ## - CATALOGING SOURCE
- Original cataloging agency: ARRUPE
- Transcribing agency: ARRUPE
150 ## - HEADING--TOPICAL TERM
- Topical term or geographic name as entry element: Christian ethics
- General subdivision: history
- General subdivision: Middle ages
- Chronological subdivision: 600-1500
670 ## - SOURCE DATA FOUND
- Source citation: Work cat.: (ARRUPE): Porter Jean 42532, The recovery of vertue:, 1990.